I spy animals / (Record no. 4481)

MARC details
000 -LEADER
fixed length control field 00930nam a22002897a 4500
001 - CONTROL NUMBER
control field 4481
003 - CONTROL NUMBER IDENTIFIER
control field FISKH
005 - DATE AND TIME OF LATEST TRANSACTION
control field 20251209101808.0
008 - FIXED-LENGTH DATA ELEMENTS--GENERAL INFORMATION
fixed length control field 240911b cb ||||| |||| 00| 0 eng d
020 ## - INTERNATIONAL STANDARD BOOK NUMBER
International Standard Book Number 9780545415835
040 ## - CATALOGING SOURCE
Original cataloging agency FISKH
Language of cataloging eng
Transcribing agency FISKH
Modifying agency FISKH
050 ## - LIBRARY OF CONGRESS CALL NUMBER
Classification number QL49.M295
082 ## - DEWEY DECIMAL CLASSIFICATION NUMBER
Classification number 793.73
100 ## - MAIN ENTRY--PERSONAL NAME
Personal name Marzollo, Jean
245 ## - TITLE STATEMENT
Title I spy animals /
Statement of responsibility, etc. Rhymes by Jeans Marzollo : Photographs by Walter Wick
250 ## - EDITION STATEMENT
Edition statement This edition first printing , January 2012
260 ## - PUBLICATION, DISTRIBUTION, ETC.
Place of publication, distribution, etc. New York :
Name of publisher, distributor, etc. Scholastic ;
Date of publication, distribution, etc. 1998 .
300 ## - PHYSICAL DESCRIPTION
Extent 30 unnumbered pages :
Other physical details color illustrations ;
Dimensions 21 cm .
505 ## - FORMATTED CONTENTS NOTE
Formatted contents note D <br/>
520 ## - SUMMARY, ETC.
Summary, etc. Rhyming verses ask readers to find hidden objects and toy animals in the photographs.
521 8# - TARGET AUDIENCE NOTE
Target audience note 160 <br/>
Source Lexile estimate <br/>
521 8# - TARGET AUDIENCE NOTE
Target audience note D <br/>
Source Raz-Plus <br/>
650 ## - SUBJECT ADDED ENTRY--TOPICAL TERM
Topical term or geographic name entry element rhymes
Form subdivision children's book
700 ## - ADDED ENTRY--PERSONAL NAME
Personal name Wick, Walter
Relator term Photographer
942 ## - ADDED ENTRY ELEMENTS (KOHA)
Source of classification or shelving scheme Dewey Decimal Classification
Koha item type Books
Suppress in OPAC No
Holdings
Withdrawn status Lost status Source of classification or shelving scheme Damaged status Not for loan Collection Home library Current library Shelving location Date acquired Total Checkouts Full call number Barcode Date last seen Copy number Price effective from Koha item type Date due Date last checked out
    Dewey Decimal Classification     Juvenile Fiction Footprints International School Library Network Toul Tom Poung Campus Footprints International School Library Network Toul Tom Poung Campus TTP Primary Green Bookshelves 09/11/2024   MAR 793.73 QL49.M295 FIS05258 09/11/2024 1 09/11/2024 Books    
    Dewey Decimal Classification     Juvenile Fiction Footprints International School Library Network Toul Tom Poung Campus Footprints International School Library Network Toul Tom Poung Campus TTP Primary Green Bookshelves 12/09/2025 1 MAR 793.73 QL49.M295 FISTK01848 01/14/2026 2 12/09/2025 Books 01/28/2026 01/14/2026